Najlepšie európske hotely World Travel Awards 2017

Víťazi 24. ročníka prestížnej svetovej súťaže World Travel Awards. Celý rad ocenení pre Portugalsko. City, biznis a "green" hotely. Ocenenia pre hotely v Grécku, Taliansku a Turecku. Dovolenkové rezorty. Grand Hotel Kempinski High Tatras ako najlepší slovenský hotel.

Guardado en:
Detalles Bibliográficos
Autor principal: Lisá, Lea
Formato: Capítulo de libro
Lenguaje:eslovaco
Materias:
Etiquetas: Agregar Etiqueta
Sin Etiquetas, Sea el primero en etiquetar este registro!

MARC

LEADER 00000naa a2200000 4500
001 0238330
005 20221104111553.2
041 0 |a slo 
044 |a SK 
245 1 0 |a Najlepšie európske hotely World Travel Awards 2017  |c Lea Lisá 
520 |a Víťazi 24. ročníka prestížnej svetovej súťaže World Travel Awards. Celý rad ocenení pre Portugalsko. City, biznis a "green" hotely. Ocenenia pre hotely v Grécku, Taliansku a Turecku. Dovolenkové rezorty. Grand Hotel Kempinski High Tatras ako najlepší slovenský hotel. 
610 2 0 |a hotely 
610 2 0 |a súťaže 
610 2 0 |a ceny 
610 2 0 |a kvalita 
610 2 0 |a služby 
610 2 0 |a ruch cestovný 
610 2 0 |a Európa 
100 1 |a Lisá, Lea